| 000 | 004120000a22001570004500 | ||
|---|---|---|---|
| 090 |
_aAR _b01098 |
||
| 245 | 1 | 0 | _aManagement procedures |
| 650 | 1 | 4 |
_aVeterinaria _993538 |
| 650 | 1 | 4 |
_aClinicas veterinarias _994327 |
| 650 | 1 | 4 |
_aAves _992429 |
| 041 | 0 | _aInglés | |
| 700 | 1 |
_aHarrison, Linda R. _994328 |
|
| 100 | 1 |
_aHarrison, Greg J. _994329 |
|
| 942 | _cARTICULO | ||
| 773 | 1 |
_tClinical Approach _3401 _q85-95 _d1985? |
|
| 999 |
_c10184 _d10184 |
||